It gets worse... (Record no. 84309)

MARC details
000 -LEADER
fixed length control field 01150cab a22001935a 4500
001 - CONTROL NUMBER
control field L157238
008 - FIXED-LENGTH DATA ELEMENTS--GENERAL INFORMATION
fixed length control field 121003e2012 xxk 000 0 eng d
035 ## - SYSTEM CONTROL NUMBER
System control number (Sirsi) u157238
041 0# - LANGUAGE CODE
Language code of text/sound track or separate title eng
100 1# - MAIN ENTRY--PERSONAL NAME
Personal name Wilding, Mark
245 00 - TITLE STATEMENT
Title It gets worse...
260 ## - PUBLICATION, DISTRIBUTION, ETC.
Date of publication, distribution, etc. 2012
490 #0 - SERIES STATEMENT
Series statement Property Week
Volume/sequential designation 78(39) 28 September 2012 Sheds Supplement, 19-20(2)
520 ## - SUMMARY, ETC.
Summary, etc. Gerald Eve's latest multi-let industrial report forecasts a drop in the multi-let market before a recovery in 2013. Total return for standard industrial is predicted to be 2.7% in 2012. Some regions are faring better than others: the south-east, Bristol and Northampton are doing well. Graphics show total returns falling, overall churn increasing, lease lengths getting shorter, void rates declining, and rental growth reducing. Wholesale accounts are more dominant in the south of the UK with northern regions more exposed to general manufacturing tenancies. 2011 rents appeared strong compared with 2010. Prime and secondary property both provided strong returns in 2011.
590 ## - LOCAL NOTE (RLIN)
Local note KA
651 #4 - SUBJECT ADDED ENTRY--GEOGRAPHIC NAME
Geographic name United Kingdom
690 ## - LOCAL SUBJECT ADDED ENTRY--TOPICAL TERM (OCLC, RLIN)
Topical term or geographic name as entry element Commercial property
9 (RLIN) 6227
942 ## - ADDED ENTRY ELEMENTS (KOHA)
Suppress in OPAC 0
Holdings
Withdrawn status Lost status Source of classification or shelving scheme Damaged status Not for loan Home library Current library Shelving location Date acquired Total Checkouts Full call number Barcode Date last seen Copy number Price effective from Koha item type
    Dewey Decimal Classification     London London Journal article 03/10/2012   L157238 157238-1001 06/08/2019 1 06/08/2019 Journal article